[Event "DVM U14 2023"]
[Site "Magdeburg GER"]
[Date "2023.12.30"]
[Round "7"]
[White "Fischer, Quirin"]
[Black "Dorendorf, Mika"]
[Result "0-1"]
[Termination "normal"]
[Board "9.3"]
[WhiteElo "1383"]
[BlackElo "1698"]
[WhiteClock "01:33:09"]
[BlackClock "01:12:33"]
[WhiteTeam "SF Tegernheim"]
[BlackTeam "Hamburger SK 1830"]
[PlyCount "102"]
[WhiteFideId "34623787"]
[BlackFideId "16283066"]
[EventCountry "GER"]
[EventRounds "7"]
[EventType "team-swiss"]
[EventDate "2023.12.26"]

1. e4 {[%clk 01:30:57]} {[%emt 00:00:02]} c5 {[%clk 01:30:54]} {[%emt
00:00:06]} 2. Nf3 {[%clk 01:31:24]} {[%emt 00:00:04]} Nc6 {[%clk 01:31:18]}
{[%emt 00:00:06]} 3. d4 {[%clk 01:31:52]} {[%emt 00:00:02]} cxd4 {[%clk
01:31:44]} {[%emt 00:00:03]} 4. Nxd4 {[%emt 00:00:07]} Nf6 {[%emt 00:00:08]} 5.
Nc3 {[%clk 01:32:40]} {[%emt 00:00:06]} e5 {[%clk 01:32:25]} {[%emt 00:00:10]}
6. Nf5 {[%clk 01:33:01]} {[%emt 00:00:09]} d6 {[%clk 01:32:14]} {[%emt
00:00:41]} 7. Ne3 {[%clk 01:32:30]} {[%emt 00:01:01]} Be7 {[%clk 01:31:36]}
{[%emt 00:01:08]} 8. Bb5 {[%clk 01:32:06]} {[%emt 00:00:54]} a6 {[%clk
01:31:11]} {[%emt 00:00:55]} 9. Ba4 {[%clk 01:32:32]} {[%emt 00:00:05]} O-O
{[%clk 01:31:20]} {[%emt 00:00:21]} 10. O-O {[%clk 01:31:48]} {[%emt 00:01:13]}
Be6 {[%clk 01:31:08]} {[%emt 00:00:42]} 11. f3 {[%clk 01:31:00]} {[%emt
00:01:18]} Nd7 {[%clk 01:30:59]} {[%emt 00:00:38]} 12. Bb3 {[%clk 01:30:37]}
{[%emt 00:00:54]} Bxb3 {[%clk 01:30:15]} {[%emt 00:01:14]} 13. axb3 {[%clk
01:30:57]} {[%emt 00:00:11]} Nc5 {[%clk 01:27:56]} {[%emt 00:02:49]} 14. Ncd5
{[%clk 01:30:26]} {[%emt 00:01:01]} Nd4 {[%clk 01:26:27]} {[%emt 00:01:58]} 15.
Nxe7+ {[%clk 01:30:15]} {[%emt 00:00:41]} Qxe7 {[%clk 01:26:50]} {[%emt
00:00:06]} 16. Nd5 {[%clk 01:30:43]} {[%emt 00:00:03]} Qd8 {[%clk 01:27:07]}
{[%emt 00:00:13]} 17. Be3 {[%clk 01:31:04]} {[%emt 00:00:09]} Nde6 {[%clk
01:26:37]} {[%emt 00:01:00]} 18. b4 {[%clk 01:30:44]} {[%emt 00:00:51]} Nd7
{[%clk 01:26:53]} {[%emt 00:00:13]} 19. Qd2 {[%clk 01:30:00]} {[%emt 00:01:14]}
Rc8 {[%clk 01:26:29]} {[%emt 00:00:55]} 20. Rfd1 {[%clk 01:29:49]} {[%emt
00:02:03]} f5 {[%clk 01:22:32]} {[%emt 00:03:04]} 21. b5 {[%clk 01:28:54]}
{[%emt 00:01:25]} f4 {[%clk 01:21:14]} {[%emt 00:01:47]} 22. Bf2 {[%clk
01:29:07]} {[%emt 00:00:18]} axb5 {[%clk 01:15:17]} {[%emt 00:06:26]} 23. Nb4
{[%clk 01:29:06]} {[%emt 00:00:32]} Ndc5 {[%emt 00:03:37]} 24. Qxd6 {[%clk
01:28:49]} {[%emt 00:00:20]} Qxd6 {[%clk 01:13:01]} {[%emt 00:00:07]} 25. Rxd6
{[%clk 01:29:13]} {[%emt 00:00:05]} Rfd8 {[%clk 01:13:23]} {[%emt 00:00:08]}
26. Rad1 {[%clk 01:29:21]} {[%emt 00:00:22]} Na4 {[%clk 01:12:33]} {[%emt
00:01:21]} 27. b3 {[%clk 01:27:57]} {[%emt 00:01:53]} Nc3 {[%clk 01:12:41]}
{[%emt 00:00:22]} 28. Rxd8+ {[%clk 01:27:59]} {[%emt 00:00:29]} Rxd8 {[%clk
01:12:54]} {[%emt 00:00:16]} 29. Rxd8+ {[%clk 01:28:22]} {[%emt 00:00:07]} Nxd8
{[%clk 01:13:19]} {[%emt 00:00:05]} 30. Kf1 {[%clk 01:28:24]} {[%emt 00:00:28]}
Nc6 {[%clk 01:12:38]} {[%emt 00:01:11]} 31. Nxc6 {[%clk 01:28:02]} {[%emt
00:00:52]} bxc6 {[%clk 01:13:06]} {[%emt 00:00:02]} 32. Be1 {[%clk 01:28:29]}
{[%emt 00:00:03]} Na2 {[%emt 00:04:33]} 33. Bd2 {[%clk 01:28:45]} {[%emt
00:00:13]} Kf7 {[%emt 00:00:14]} 34. Ke2 {[%clk 01:29:12]} {[%emt 00:00:02]} b4
{[%clk 01:08:21]} {[%emt 00:01:30]} 35. Kd3 {[%clk 01:29:30]} {[%emt 00:00:12]}
Ke6 {[%clk 01:08:24]} {[%emt 00:00:27]} 36. Kc4 {[%clk 01:29:52]} {[%emt
00:00:08]} Kd7 {[%emt 00:00:24]} 37. Bxb4 {[%clk 01:30:10]} {[%emt 00:00:10]}
Nc1 {[%emt 00:00:06]} 38. Bf8 {[%clk 01:30:06]} {[%emt 00:00:32]} g6 {[%clk
01:09:13]} {[%emt 00:00:16]} 39. Kc5 {[%clk 01:30:30]} {[%emt 00:00:06]} Ne2
{[%clk 01:09:30]} {[%emt 00:00:14]} 40. Bg7 {[%clk 01:30:55]} {[%emt 00:00:05]}
Ke6 {[%emt 00:00:04]} 41. b4 {[%clk 01:30:44]} {[%emt 00:00:40]} h5 {[%clk
01:10:07]} {[%emt 00:00:19]} 42. Kxc6 {[%clk 01:30:55]} {[%emt 00:00:19]} Nd4+
{[%emt 00:00:29]} 43. Kc7 {[%clk 01:31:06]} g5 {[%clk 01:10:36]} {[%emt
00:00:23]} 44. c3 {[%clk 01:31:29]} {[%emt 00:00:07]} Nxf3 {[%emt 00:00:50]}
45. gxf3 {[%clk 01:31:50]} {[%emt 00:00:08]} g4 {[%clk 01:10:43]} {[%emt
00:00:04]} 46. b5 {[%clk 01:31:36]} {[%emt 00:00:43]} gxf3 {[%clk 01:10:40]}
{[%emt 00:00:33]} 47. b6 {[%clk 01:32:02]} {[%emt 00:00:04]} f2 {[%clk
01:11:06]} {[%emt 00:00:04]} 48. b7 {[%clk 01:32:28]} {[%emt 00:00:04]} f1=Q
{[%clk 01:11:31]} {[%emt 00:00:06]} 49. b8=Q {[%emt 00:00:08]} Qc4+ {[%clk
01:11:51]} {[%emt 00:00:08]} 50. Kd8 {[%clk 01:33:06]} {[%emt 00:00:15]} Qd3+
{[%clk 01:12:07]} {[%emt 00:00:14]} 51. Ke8 {[%clk 01:33:09]} {[%emt 00:00:27]}
Qd7+ {[%clk 01:12:33]} 0-1

[Event "DVM U14 2023"]
[Site "Magdeburg GER"]
[Date "2023.12.30"]
[Round "7"]
[White "Borgert, Alexander"]
[Black "Luible, Antonia"]
[Result "1-0"]
[Termination "normal"]
[Board "9.4"]
[WhiteElo "1509"]
[BlackElo "1254"]
[WhiteClock "01:39:37"]
[BlackClock "00:27:39"]
[WhiteTeam "Hamburger SK 1830"]
[BlackTeam "SF Tegernheim"]
[PlyCount "135"]
[WhiteFideId "16289188"]
[BlackFideId "34681710"]
[EventCountry "GER"]
[EventRounds "7"]
[EventType "team-swiss"]
[EventDate "2023.12.26"]

1. d4 {[%clk 01:30:51]} {[%emt 00:00:08]} d5 {[%emt 00:00:20]} 2. c4 {[%clk
01:31:15]} e6 {[%clk 01:31:04]} {[%emt 00:00:12]} 3. Nc3 {[%clk 01:31:37]}
{[%emt 00:00:08]} Nf6 {[%clk 01:31:26]} {[%emt 00:00:08]} 4. cxd5 {[%clk
01:31:52]} {[%emt 00:00:16]} Nxd5 {[%clk 01:31:38]} {[%emt 00:00:18]} 5. e4
{[%clk 01:32:10]} {[%emt 00:00:11]} Nxc3 {[%clk 01:32:01]} {[%emt 00:00:07]} 6.
bxc3 {[%clk 01:32:23]} {[%emt 00:00:17]} c5 {[%clk 01:31:43]} {[%emt 00:00:48]}
7. Nf3 {[%clk 01:32:32]} {[%emt 00:00:20]} cxd4 {[%clk 01:31:39]} {[%emt
00:00:34]} 8. Qa4+ {[%clk 01:31:30]} {[%emt 00:01:32]} Nd7 {[%clk 01:24:54]}
{[%emt 00:07:16]} 9. cxd4 {[%clk 01:31:38]} {[%emt 00:00:23]} Be7 {[%clk
01:21:03]} {[%emt 00:04:19]} 10. Be2 {[%clk 01:31:50]} {[%emt 00:00:17]} O-O
{[%clk 01:21:02]} {[%emt 00:00:32]} 11. O-O {[%clk 01:32:11]} {[%emt 00:00:10]}
Nb6 {[%clk 01:15:54]} {[%emt 00:07:17]} 12. Qb3 {[%clk 01:32:32]} Bd7 {[%clk
01:12:56]} {[%emt 00:01:57]} 13. Bb5 {[%clk 01:32:27]} {[%emt 00:00:36]} Bxb5
{[%clk 01:12:28]} {[%emt 00:00:59]} 14. Qxb5 {[%clk 01:32:52]} {[%emt
00:00:04]} Qe8 {[%clk 01:07:36]} {[%emt 00:05:22]} 15. Qxe8 {[%emt 00:01:22]}
Rfxe8 {[%clk 01:07:53]} 16. Bf4 {[%clk 01:32:38]} {[%emt 00:00:05]} Rac8 {[%clk
01:02:33]} {[%emt 00:05:50]} 17. Rfc1 {[%clk 01:32:50]} {[%emt 00:00:18]} h6
{[%clk 01:01:04]} {[%emt 00:02:00]} 18. Rxc8 {[%clk 01:32:39]} {[%emt
00:00:40]} Rxc8 {[%clk 01:01:23]} {[%emt 00:00:10]} 19. Rc1 {[%clk 01:32:51]}
{[%emt 00:00:18]} Rxc1+ {[%clk 01:00:01]} {[%emt 00:01:53]} 20. Bxc1 {[%clk
01:33:17]} {[%emt 00:00:05]} Kf8 {[%clk 00:56:12]} {[%emt 00:04:19]} 21. Kf1
{[%clk 01:33:44]} {[%emt 00:00:03]} Ke8 {[%clk 00:54:52]} {[%emt 00:01:50]} 22.
Ke2 {[%clk 01:34:02]} {[%emt 00:00:10]} Kd7 {[%clk 00:55:06]} {[%emt 00:00:16]}
23. Ne5+ {[%clk 01:34:25]} {[%emt 00:00:06]} Ke8 {[%clk 00:55:02]} {[%emt
00:00:36]} 24. Kd3 {[%clk 01:34:42]} {[%emt 00:00:11]} Bd6 {[%clk 00:54:25]}
{[%emt 00:01:09]} 25. f4 {[%clk 01:34:13]} {[%emt 00:01:00]} Bxe5 {[%clk
00:44:48]} {[%emt 00:10:07]} 26. fxe5 {[%clk 01:33:57]} {[%emt 00:00:46]} Kd7
{[%clk 00:43:52]} {[%emt 00:01:26]} 27. Kc3 {[%clk 01:34:01]} {[%emt 00:00:24]}
Kc6 {[%clk 00:44:05]} {[%emt 00:00:18]} 28. Kb4 {[%clk 01:34:12]} {[%emt
00:00:18]} Nc8 {[%clk 00:41:36]} {[%emt 00:03:00]} 29. a4 {[%clk 01:34:23]}
{[%emt 00:00:19]} a6 {[%clk 00:36:03]} {[%emt 00:06:03]} 30. g4 {[%clk
01:34:00]} {[%emt 00:00:52]} Kd7 {[%clk 00:35:22]} {[%emt 00:01:12]} 31. h4
{[%clk 01:34:20]} {[%emt 00:00:10]} Ke7 {[%clk 00:35:39]} {[%emt 00:00:13]} 32.
d5 {[%clk 01:32:41]} {[%emt 00:02:10]} exd5 {[%clk 00:35:22]} {[%emt 00:00:46]}
33. exd5 {[%clk 01:33:06]} {[%emt 00:00:05]} Kd7 {[%clk 00:34:18]} {[%emt
00:01:34]} 34. h5 {[%clk 01:33:09]} {[%emt 00:00:28]} Ke7 {[%clk 00:33:51]}
{[%emt 00:00:57]} 35. g5 {[%clk 01:33:24]} {[%emt 00:00:15]} hxg5 {[%clk
00:33:45]} {[%emt 00:00:36]} 36. Bxg5+ {[%clk 01:33:34]} {[%emt 00:00:20]} Kd7
{[%clk 00:33:44]} {[%emt 00:00:31]} 37. Bf6 {[%clk 01:31:36]} {[%emt 00:02:27]}
Ne7 {[%clk 00:27:46]} {[%emt 00:06:27]} 38. Bxg7 {[%clk 01:31:30]} {[%emt
00:00:37]} Nxd5+ {[%clk 00:26:33]} {[%emt 00:01:44]} 39. Kc5 {[%clk 01:31:54]}
{[%emt 00:00:05]} Nf4 {[%clk 00:26:48]} {[%emt 00:00:16]} 40. h6 {[%clk
01:32:18]} {[%emt 00:00:05]} Ng6 {[%clk 00:27:08]} {[%emt 00:00:11]} 41. h7
{[%clk 01:32:38]} {[%emt 00:00:09]} Kc7 {[%clk 00:27:03]} {[%emt 00:00:37]} 42.
h8=Q {[%emt 00:00:10]} Nxh8 {[%clk 00:27:27]} {[%emt 00:00:05]} 43. Bxh8 {[%clk
01:33:26]} {[%emt 00:00:03]} b6+ {[%clk 00:26:35]} {[%emt 00:01:22]} 44. Kd5
{[%clk 01:33:48]} {[%emt 00:00:07]} Kd7 {[%clk 00:26:44]} {[%emt 00:00:21]} 45.
Bf6 {[%clk 01:33:35]} {[%emt 00:00:42]} Kc7 {[%clk 00:26:00]} {[%emt 00:01:15]}
46. Bh4 {[%clk 01:33:56]} {[%emt 00:00:09]} Kd7 {[%clk 00:25:33]} {[%emt
00:00:57]} 47. Bf2 {[%clk 01:33:37]} {[%emt 00:00:47]} b5 {[%clk 00:25:43]}
{[%emt 00:00:23]} 48. axb5 {[%clk 01:34:01]} {[%emt 00:00:06]} axb5 {[%clk
00:26:04]} {[%emt 00:00:08]} 49. Kc5 {[%clk 01:34:26]} {[%emt 00:00:05]} Ke6
{[%clk 00:26:26]} {[%emt 00:00:09]} 50. Bd4 {[%clk 01:34:48]} {[%emt 00:00:07]}
b4 {[%clk 00:25:37]} {[%emt 00:01:21]} 51. Kxb4 {[%clk 01:35:13]} {[%emt
00:00:05]} Kd5 {[%clk 00:25:12]} {[%emt 00:00:54]} 52. Kc3 {[%clk 01:35:20]}
{[%emt 00:00:23]} Ke6 {[%clk 00:25:26]} {[%emt 00:00:16]} 53. Kd3 {[%clk
01:35:42]} {[%emt 00:00:07]} Kd5 {[%clk 00:24:18]} {[%emt 00:01:38]} 54. Ke3
{[%clk 01:36:07]} {[%emt 00:00:05]} Ke6 {[%clk 00:24:28]} {[%emt 00:00:20]} 55.
Ke4 {[%clk 01:36:29]} {[%emt 00:00:07]} Kd7 {[%clk 00:24:31]} {[%emt 00:00:26]}
56. Kf5 {[%clk 01:36:55]} {[%emt 00:00:06]} Ke7 {[%clk 00:24:44]} {[%emt
00:00:17]} 57. Bc5+ {[%clk 01:37:19]} {[%emt 00:00:07]} Kd7 {[%clk 00:24:41]}
{[%emt 00:00:32]} 58. Kf6 {[%clk 01:37:43]} {[%emt 00:00:05]} Kc6 {[%clk
00:24:35]} {[%emt 00:00:37]} 59. Kxf7 {[%clk 01:38:07]} {[%emt 00:00:06]} Kxc5
{[%clk 00:25:01]} {[%emt 00:00:04]} 60. e6 {[%clk 01:38:32]} {[%emt 00:00:05]}
Kd4 {[%clk 00:25:15]} {[%emt 00:00:17]} 61. e7 {[%clk 01:37:19]} {[%emt
00:01:43]} Kd5 {[%clk 00:25:37]} {[%emt 00:00:08]} 62. e8=Q {[%clk 01:37:43]}
{[%emt 00:00:06]} Kd4 {[%clk 00:26:03]} {[%emt 00:00:04]} 63. Qc6 {[%clk
01:38:00]} {[%emt 00:00:12]} Ke5 {[%clk 00:26:27]} {[%emt 00:00:06]} 64. Qc4
{[%clk 01:38:12]} {[%emt 00:00:19]} Kd6 {[%clk 00:26:41]} {[%emt 00:00:15]} 65.
Kf6 {[%clk 01:38:33]} {[%emt 00:00:09]} Kd7 {[%clk 00:27:04]} {[%emt 00:00:08]}
66. Qc5 {[%clk 01:38:49]} {[%emt 00:00:14]} Kd8 {[%clk 00:27:18]} {[%emt
00:00:16]} 67. Ke6 {[%clk 01:39:11]} {[%emt 00:00:07]} Ke8 {[%clk 00:27:39]}
{[%emt 00:00:10]} 68. Qe7# {[%clk 01:39:37]} {[%emt 00:00:05]} 1-0

[Event "DVM U14 2023"]
[Site "Magdeburg GER"]
[Date "2023.12.30"]
[Round "7"]
[White "Uyar, Levin"]
[Black "Bock, Leonas"]
[Result "1-0"]
[Termination "normal"]
[Board "10.1"]
[WhiteElo "1784"]
[BlackElo "1302"]
[WhiteTeam "SC Untergrombach 46"]
[BlackTeam "SSV Vimaria 91 Weimar"]
[PlyCount "65"]
[WhiteFideId "16282108"]
[BlackFideId "16287118"]
[EventCountry "GER"]
[EventRounds "7"]
[EventType "team-swiss"]
[EventDate "2023.12.26"]

1. e4 c5 2. Nf3 d6 3. d4 cxd4 4. Nxd4 Nf6 5. Nc3 e5 6. Nb3 Be6 7. Be3 Be7 8. f3
O-O 9. Qd2 Nc6 10. Nd5 Rc8 11. Be2 Qd7 12. O-O Rfd8 13. c4 b6 14. a4 Rb8 15. a5
bxa5 16. Nxa5 Nxa5 17. Rxa5 Rb7 18. Rfa1 Bxd5 19. cxd5 Ra8 20. b4 Bd8 21. Ra6
Ne8 22. Qb2 Nc7 23. R6a5 Ne8 24. R5a3 Bb6 25. Bxb6 Rxb6 26. b5 Rb7 27. b6 Qe7
28. Qb5 Qd8 29. Rxa7 Raxa7 30. bxa7 Rxb5 31. Bxb5 Qb6+ 32. Kh1 Nc7 33. a8=Q+
1-0

[Event "DVM U14 2023"]
[Site "Magdeburg GER"]
[Date "2023.12.30"]
[Round "7"]
[White "Kalinin, Alexej"]
[Black "Jung, Niklas"]
[Result "1/2-1/2"]
[Termination "normal"]
[Board "10.2"]
[WhiteElo "1376"]
[BlackElo "1477"]
[WhiteTeam "SSV Vimaria 91 Weimar"]
[BlackTeam "SC Untergrombach 46"]
[PlyCount "48"]
[WhiteFideId "34617167"]
[BlackFideId "16280601"]
[EventCountry "GER"]
[EventRounds "7"]
[EventType "team-swiss"]
[EventDate "2023.12.26"]

1. d4 d5 2. c4 c6 3. cxd5 cxd5 4. Bf4 Nc6 5. e3 Nf6 6. Nc3 e6 7. Bd3 Bd6 8.
Bxd6 Qxd6 9. f4 a6 10. Nf3 Bd7 11. a3 Rc8 12. O-O Ng4 13. Re1 f5 14. Rc1 O-O
15. Na4 Na5 16. Nc5 Rc7 17. b4 Nc6 18. h3 Nf6 19. Ne5 Qe7 20. Kh2 Nxe5 21. fxe5
Ne4 22. Qc2 Bb5 23. Bxb5 axb5 24. Qd1 Qd7 1/2-1/2

[Event "DVM U14 2023"]
[Site "Magdeburg GER"]
[Date "2023.12.30"]
[Round "7"]
[White "Wettstein, Levin"]
[Black "Berbig, Georg"]
[Result "1-0"]
[Termination "normal"]
[Board "10.3"]
[WhiteElo "1310"]
[BlackElo "1406"]
[WhiteTeam "SC Untergrombach 46"]
[BlackTeam "SSV Vimaria 91 Weimar"]
[PlyCount "145"]
[WhiteFideId "34635866"]
[BlackFideId "34640401"]
[EventCountry "GER"]
[EventRounds "7"]
[EventType "team-swiss"]
[EventDate "2023.12.26"]

1. e4 e5 2. Nf3 Nc6 3. Nc3 Nf6 4. d4 exd4 5. Nxd4 Bb4 6. Nxc6 bxc6 7. Bd3 d5 8.
exd5 cxd5 9. O-O O-O 10. h3 h6 11. Qf3 c6 12. Bf4 Re8 13. a3 Bf8 14. Rfe1 Be6
15. Rad1 a5 16. Be5 a4 17. Bxf6 Qxf6 18. Qxf6 gxf6 19. Re2 Reb8 20. Rb1 f5 21.
Ree1 c5 22. Be2 Ra7 23. Bf3 d4 24. Nd5 Bd6 25. Re2 c4 26. Ree1 Kg7 27. g3 Ra5
28. Nf4 Bxf4 29. gxf4 Rab5 30. Bc6 Rxb2 31. Rxb2 Rxb2 32. Bxa4 Ra2 33. Bb5 Rxc2
34. Rd1 c3 35. Bd3 Rd2 36. Rxd2 cxd2 37. Bc2 d3 38. Bd1 Kf6 39. f3 Ba2 40. Kf2
Bb1 41. Ke3 Ke6 42. Kxd2 Ba2 43. Kxd3 Kd5 44. Kc3 Bc4 45. Bb3 Bxb3 46. Kxb3 Kd4
47. a4 Kc5 48. Kc3 f6 49. a5 Kb5 50. Kd4 Kxa5 51. Kd5 Kb4 52. Ke6 Kc4 53. Kxf6
Kd4 54. Kxf5 Kd5 55. Kg6 Ke6 56. f5+ Ke7 57. Kg7 Ke8 58. f6 Kd7 59. f7 Ke6 60.
f8=Q Ke5 61. Qf6+ Kd5 62. Qe7 Kc6 63. Qd8 Kc5 64. Qd7 Kb4 65. Qc6 Kb3 66. Qc5
Kb2 67. Qc4 Ka3 68. Qb5 Ka2 69. Kf6 Ka3 70. Ke5 Ka2 71. Kd4 Ka3 72. Kc3 Ka2 73.
Qb2# 1-0